The Cambridge companion to Rousseau / (Record no. 93091)

MARC details
000 -CABECERA
campo de control de longitud fija 00559nam a2200193 a 4500
005 - FECHA Y HORA DE LA ÚLTIMA TRANSACCIÓN
campo de control 20210219154218.0
008 - ELEMENTOS DE LONGITUD FIJA--INFORMACIÓN GENERAL
campo de control de longitud fija 021106s2001 mx r 000 0 spa d
020 ## - NÚMERO INTERNACIONAL NORMALIZADO PARA LIBROS
Número Internacional Estándar del Libro 0521576156
035 ## - NÚMERO DE CONTROL DEL SISTEMA
Número de control de sistema UPN01000120757
049 ## - COLECCIÓN
Colección CG
050 #4 - SIGNATURA TOPOGRÁFICA DE LA BIBLIOTECA DEL CONGRESO
Número de clasificación B2137
Número de documento/Ítem C3.5
245 04 - MENCIÓN DE TÍTULO
Título The Cambridge companion to Rousseau /
Mención de responsabilidad, etc. ed. by Patrick Riley.
260 ## - PUBLICACIÓN, DISTRIBUCIÓN, ETC.
Lugar de publicación, distribución, etc. New York :
Nombre del editor, distribuidor, etc. Cambridge University,
Fecha de publicación, distribución, etc. 2001.
300 ## - DESCRIPCIÓN FÍSICA
Extensión 453 p.
440 #0 - MENCIÓN DE SERIE/ASIENTO SECUNDARIO--TÍTULO
Título Cambridge companion to philosophy
600 14 - ASIENTO SECUNDARIO DE MATERIA - NOMBRE PERSONAL
Nombre de persona ROUSSEAU, JEAN JACQUES,
Fechas asociadas al nombre 1712-1778
700 1# - ASIENTO SECUNDARIO--NOMBRE DE PERSONAL
Nombre de persona Riley, Patrick,
Término indicativo de función/relación ed.
905 ## - TIPO DE MATERIAL
Tipo de material Libro
Holdings
Estado de retiro Estado de pérdida Fuente del sistema de clasificación o colocación Estado dañado No para préstamo Código de colección Localización permanente Ubicación/localización actual Ubicación en estantería Total de préstamos Clasificación Código de barras Fecha visto por última vez Número de copia Tipo de ítem Koha
    Library of Congress Classification     Colección General Bib. Gregorio Torres Quintero Bib. Gregorio Torres Quintero Planta baja 5 B2137 C3.5 199525 31/12/2020 1 Libro